| Tag |
First Indicator |
Second Indicator |
Subfields |
| LEADER |
00000cam a2200000 4500 |
| 001 |
in00000043835 |
| 005 |
20151007065005.0 |
| 008 |
751018s1942 nyu b 00010 eng d |
| 010 |
|
|
|a 42036161
|
| 035 |
|
|
|a (OCoLC)01713323
|
| 035 |
|
|
|9 AAE1045AM
|
| 040 |
|
|
|a JPL
|c JPL
|d TXA
|d UtOrBLW
|
| 049 |
|
|
|a TXAM
|c [118381]
|
| 050 |
|
0 |
|a PN4241
|b .P37
|
| 092 |
|
|
|a 394.2649
|b P331d
|
| 100 |
1 |
|
|a Paulmier, Hilah.
|
| 245 |
1 |
0 |
|a Democracy days ;
|b an anthology of the best prose and verse on democracy, tolerance and liberty. Plays, poems, essay material, speeches, and sayings for Jefferson day, I'm an American day, Good will day, Brotherhood week, and Bill of rights week /
|c Compiled and edited by Hilah Paulmier and Robert Haven Schauffler...
|
| 264 |
|
1 |
|a New York :
|b Dodd, Mead & company,
|c 1942.
|
| 300 |
|
|
|a xxv, 375 pages
|
| 336 |
|
|
|a text
|b txt
|2 rdacontent
|
| 337 |
|
|
|a unmediated
|b n
|2 rdamedia
|
| 338 |
|
|
|a volume
|b nc
|2 rdacarrier
|
| 490 |
1 |
|
|a Our American holidays
|
| 504 |
|
|
|a Bibliography: pages [371]-375.
|
| 650 |
|
0 |
|a Holidays.
|
| 650 |
|
0 |
|a Readers.
|
| 700 |
1 |
|
|a Schauffler, Robert Haven,
|d 1879-1964.
|
| 830 |
|
0 |
|a Our American holidays.
|
| 999 |
|
|
|a MARS
|
| 999 |
f |
f |
|s 37217731-5a3d-3fc8-8a23-891d8b2097ec
|i 0e984195-3888-39cb-bbd3-604c27975de4
|t 0
|
| 952 |
f |
f |
|p ric
|a Texas A&M University
|b Rellis Campus
|c Joint Library Facility
|d Remote Storage
|t 0
|e PN4241 .P37
|h Library of Congress classification
|i unmediated -- volume
|m A14800885164
|
| 998 |
f |
f |
|a PN4241 .P37
|t 0
|l Remote Storage
|